00317nam a22000977a 4500082002100000245008300021260004100104300001700145563001500162650004200177 a348.5491044bALL aThe all-Pakistan legal decisions [PLD] 2023 /cEdited by Muhammad Mir Muhammad aLahore :bPakistan Law House,c2023. a5 v.c24 cm. aHardcover. aLaw, The all-Pakistan legal decisions